Participantes do BBB 2013 - Statistics

Estatísticas Gerais
  • Esse quiz foi jogado 17 vezes
  • A pontuação média é 11 de 17
Estatísticas das Respostas
Hint Resposta % Correto
9º eliminado(a)(BBB 10) Anamara
100%
Desistente(BBB 1) Kleber Bambam
100%
2º eliminado(a)(BBB 3) Dhomini
91%
7º eliminado(a)(BBB10) Eliéser
91%
Vencedor(a) Fernanda
91%
2º lugar Nasser
82%
1º eliminado(a) Aline
73%
12º eliminado(a) André
73%
3º lugar Andressa
73%
11º eliminado(a)(BBB 7) Fani
64%
10º eliminado(a) Kamilla
55%
13º eliminado(a)(BBB 8) Natália
55%
6º eliminado(a) Ivan
36%
8º eliminado(a) Marcello
36%
5º eliminado(a) Marien
36%
4º eliminado(a)(BBB 12) Yuri
36%
3º eliminado(a) Aslan
9%
Nenhum quiz correspondente encontrado
Distribuição das Pontuações
Porcentagem de Pessoas com Cada Pontuação
Percentil de Números Respondidos
Sua Pontuação Histórica
Você não jogou esse quiz